| Tag |
First Indicator |
Second Indicator |
Subfields |
| LEADER |
00000cam a2200000 a 4500 |
| 001 |
in00000001874 |
| 005 |
20151007050552.0 |
| 008 |
981013s1998 dcu b f000 0 eng d |
| 035 |
|
|
|a (OCoLC)40099118
|
| 035 |
|
|
|9 AJC2380AM
|
| 040 |
|
|
|d GPO
|d DLC
|d MvI
|d UtOrBLW
|
| 043 |
|
|
|a n-us---
|
| 049 |
|
|
|a UDOC
|
| 074 |
|
|
|a 0455-B-02
|
| 086 |
0 |
|
|a ED 1.2:C 36/8
|
| 088 |
|
|
|a PPB 98-6302
|
| 090 |
|
|
|a LB1028.25.U5
|b V56 1998
|
| 100 |
1 |
|
|a Vinovskis, Maris A.,
|d 1943-
|
| 245 |
1 |
0 |
|a Changing federal strategies for supporting educational research, development, and statistics /
|c Maris A. Vinovskis.
|
| 264 |
|
1 |
|a Washington, DC :
|b National Educational Research Policy & Priorities Board, U.S. Dept. of Education,
|c [1998]
|
| 300 |
|
|
|a xii, 115 pages ;
|c 28 cm.
|
| 336 |
|
|
|a text
|b txt
|2 rdacontent
|
| 337 |
|
|
|a unmediated
|b n
|2 rdamedia
|
| 338 |
|
|
|a volume
|b nc
|2 rdacarrier
|
| 500 |
|
|
|a Shipping list number: 99-0007-P.
|
| 500 |
|
|
|a "September 1998"--Title page verso.
|
| 504 |
|
|
|a Includes bibliographical references (pages 73-95).
|
| 500 |
|
|
|a "PPB 98-6302"--P. [4] of cover.
|
| 650 |
|
0 |
|a Education
|x Research
|z United States.
|
| 650 |
|
0 |
|a Federal aid to education
|z United States.
|
| 710 |
1 |
|
|a United States.
|b National Educational Research Policy and Priorities Board.
|
| 999 |
|
|
|a MARS
|
| 999 |
f |
f |
|s 16ebd70d-7243-30e6-ae92-19f704ca315b
|i 92f4493c-df7a-356d-967f-98c284cc3c44
|t 0
|
| 952 |
f |
f |
|p normal
|a Texas A&M University
|b College Station
|c Sterling C. Evans Library
|d Evans: US Documents (Annex 5th floor)
|t 0
|e ED 1.2:C 36/8
|h Superintendent of Documents classification
|i unmediated -- volume
|m A14824396632
|
| 998 |
f |
f |
|a ED 1.2:C 36/8
|t 0
|l Evans: US Documents (Annex 5th floor)
|